Dimensione cosmica.

Bibliographic Details
Format: Journal
Language:Italian
Published: Chieti, Italy : Marino Solfanelli Editore.
Subjects:

MARC

Tag First Indicator Second Indicator Subfields
LEADER 00000cas a2200000 a 4500
001 in00001234960
005 20151003060921.0
008 901030c197u9999it qx p 0 a0ita d
035 |a (OCoLC)22608131 
035 |9 AGS2925AM 
040 |a CRU  |c CRU  |d TXA  |d UtOrBLW 
043 |a e-it--- 
049 |a TXAE 
090 |a PN6071.S33  |b D55 
245 0 0 |a Dimensione cosmica. 
264 1 |a Chieti, Italy :  |b Marino Solfanelli Editore. 
300 |a volumes :  |b illustrations ;  |c 24-28 cm. 
310 |a Quarterly 
321 |a Bimonthly 
336 |a text  |b txt  |2 rdacontent 
337 |a unmediated  |b n  |2 rdamedia 
338 |a volume  |b nc  |2 rdacarrier 
500 |a Evans description based on : Anno 2, number 3 (nov.-dic. 1978); title from cover. 
515 |a Issues for genn.-febbr. 1985- called nuova serie anno. 1, no. 1- 
650 0 |a Science fiction  |z Italy  |x Periodicals. 
650 0 |a Fantasy fiction  |z Italy  |x Periodicals. 
999 |a MARS 
999 f f |s 8186d323-34d8-3ad3-9c86-8d6cc90d9ad7  |i f17dc54a-4cd1-3759-8553-5a8333a22203  |t 0 
952 f f |p noncirc  |a Texas A&M University  |b College Station  |c Cushing Memorial Library & Archives  |d Cushing: Science Fiction (Does not check out)  |t 0  |e PN6071.S33 D55  |h Library of Congress classification  |i unmediated -- volume 
998 f f |a PN6071.S33 D55  |s anno 5:n.9, anno 5:n.14 (1989:Jan./Mar.), anno 6:n.10  |t 0  |l Cushing: Science Fiction (Does not check out)